The Smiths - Girlfriend in a Coma Lyrics - Statistics

General Stats
  • This quiz has been taken 116 times
  • The average score is 110 of 139
Answer Stats
Hint Answer % Correct
a
100%
coma
100%
Chorus Girlfriend
100%
I
100%
in
100%
it's
97%
know
97%
serious
95%
really
91%
her
86%
you
85%
Verse 2 | Verse 4 Do
83%
to
83%
have
80%
were
80%
think
78%
Verse 1 | Verse 3 There
77%
times
77%
when
77%
But
74%
anything
72%
could
71%
No
71%
she'll
71%
through
71%
would
71%
Would
71%
happen
69%
murdered
68%
pull
68%
hate
66%
want
66%
don't
63%
see
60%
strangled
58%
me
57%
My
57%
my
57%
let
54%
Outro Let
54%
ooh
49%
goodbye
48%
please
48%
last
46%
baby
42%
whisper
42%
goodbyes
38%
No matching quizzes found
Score Distribution
Percent of People with Each Score
Percentile by Number Answered
Your Score History
You have not taken this quiz